Statystyki dla Państwa graniczące z Etiopią

Kliknij tutaj aby rozwiązać quiz!

Ogólne statystyki

  • Ten quiz został rozwiązany 230 razy
  • Średni wynik to 6 z 6

Statystyki odpowiedzi

Długość granicyPaństwa% Poprawnych
1626 kmSomalia
96%
723 kmSudan
95%
912 kmErytrea
92%
883 kmSudan Południowy
91%
830 kmKenia
89%
337 kmDżibuti
86%

Rozkład punktacji

Percentyl według liczby udzielonych odpowiedzi

Procent ludzi z każdym wynikiem

Twoja historia wyników

Nie rozwiązałeś tego quizu